000 01069nam a2200301 i 4500
003 EG-GICUC
005 20260506111443.0
008 260506s1906 fr fr|||| 000 0 fre d
040 _aEG-GiCUC
_bfre
_cEG-GiCUC
_dEG-GiCUC
_eRda
041 0 _afre
082 0 4 _221
_a342.0493
_bOR . D
092 0 4 _221
099 _aLaw1 08 342.0493 OR . D 1ed - 1906
100 1 _a Orban, O.
_eAuteur
245 1 3 _a Le droit constitutionnel de la Belgique /
_nTOME I,
_c O. Orban,
_pIntroduction Et Théories Fondamentales.
264 1 _aLIÉGE ;
_aPARIS :
_bH. DESSAIN, IMPRIMEUR-ÉDITEUR,
_bV. GIARD & E. BRIÈRE, LIER.-ÉDITEURS,
_c1906.
300 _a474 page :
_c 24 cm.
336 _2rda contenu
_a texte
337 _2rda medias
_aOrdinateur
338 _2 transporteur rda
_a Ressource en ligne
504 _aComprend des références bibliographiques.
546 _aTexte en français
650 1 4 _aDroit constitutionnel.
_2qrmak
651 1 _2qrmak
856 4 0 _uhttps://fll.law.cu.edu.eg/fulltext/bks/B08-05458.pdf
905 _a171
942 _2ddc
_cBK
_e21
_n0
999 _c75988
_d75988